000 00475nam a2200205Ia 4500
005 20250425160956.0
008 250425s9999 xx 000 0 und d
020 _a0471280496
041 _aeng
082 _a519.3
100 _aFRIEDMAN, AVNER
245 0 _aDIFFERENTIAL GAMES
250 _aS.E.
260 _aEstados Unidos
_bWILEY INTERSCIENCE
_c1971
260 _aNEW YORK
300 _a350
650 _aJUEGOS DIFERENCIALES
942 _c01
010 _a9660
999 _c199992
_d199992